Statistics for Interesting Facts True or False

Click here to take the quiz!

General Stats

  • This quiz has been taken 116 times
    (52 since last reset)
  • The average score is 6 of 10

Answer Stats

QuestionAnswer% Correct
The tallest person ever was over 2.5 metres tallTrue
73%
The soft drink Dr Pepper was inspired by a real personTrue
73%
There is only one country with over 1 billion citizensFalse
67%
Despite its name, a woodpecker can't actually peck woodFalse
65%
Kim il-Sung is still officially ruling North Korea, despite him being dead for 26 yearsTrue
65%
According to Homer Simpson, 'Chocolate Star Wars' is a filmTrue
65%
The first YouTube video uploaded was someone eating an ice creamFalse
56%
It is estimated that a human loses 500 brain cells per hourTrue
54%
Switzerland has never invaded another country in its historyFalse
29%
Overall, there have been over 1 billion books published since the 1400sFalse
23%

Score Distribution

Percentile by Number Answered

Percent of People with Each Score

Your Score History

You have not taken this quiz since the last reset